000 00798cam a2200277 4500
008 090401t1992 xxu||||| |||| 00| 0 eng d
020 _a0113410387
035 _a(Sirsi) u23462
041 _aeng
050 _a692.21
110 _aHome Office
_91239
245 _aBuilding construction and structural fire protection.
250 _a2nd ed.
260 _aLondon
_bHMSO
_c1992
300 _axiv,162p. : ill. ; 22cm.
350 _a8.4
490 _aManual of Firemanship
_vBook 8
650 _aBUILT ENVIRONMENT-CONSTRUCTION DESIGN
650 _aBUILT ENVIRONMENT-BUILDING MATERIALS
650 _aFIRE PROTECTION
650 _aMANUAL OF FIREMANSHIP
650 _aSTRUCTURES
690 _aBUILT ENVIRONMENT-BUILDING STANDARDS-FIRE REGULATIONS
942 _n0
948 _c04/03/1997
999 _c88412
_d88412